| 000 | 00496cam a2200157 a 4500 | ||
|---|---|---|---|
| 020 | _a9780077777463 (pbk. : alk. paper) | ||
| 050 | 0 | 0 |
_aHB172.5 _b.F69 2013 |
| 100 | 1 | _aFrank, Robert H. | |
| 245 | 1 | 0 |
_a macroeconomics / _cRobert H. Frank, Ben S. Bernanke ; with special contribution by Louis D. Johnston. |
| 260 |
_aNew York : _bMcGraw-Hill/Irwin, _c2013. |
||
| 300 | _axxxii, 445 p. : | ||
| 500 | _aIncludes index. | ||
| 700 | 1 | _aBernanke, Ben | |
| 700 | 1 | _aJohnston, Louis | |
| 942 |
_2lcc _cGEN |
||
| 999 |
_c10359 _d10359 |
||